Lízing a úver ako finančné zdroje podniku
Problematika financovania majetku podniku z vybraných cudzích zdrojov. Príklad financovania kúpy motorového vozidla. Pre vybranú spoločnosť z ponúkaných produktov ako je lízing a úver od rovnakej spoločnosti Všeobecnej úverovej banky a.s. je výhodnejší lízing, pretože preplatenie ceny motorového voz...
Guardado en:
| Autor principal: | |
|---|---|
| Otros Autores: | |
| Formato: | Capítulo de libro |
| Lenguaje: | eslovaco |
| Materias: | |
| Etiquetas: |
Sin Etiquetas, Sea el primero en etiquetar este registro!
|
MARC
| LEADER | 00000naa$a2200000$$$4500 | ||
|---|---|---|---|
| 001 | 0250213 | ||
| 005 | 20240502074016.6 | ||
| 041 | 0 | |a slo | |
| 044 | |a SK | ||
| 245 | 1 | 0 | |a Lízing a úver ako finančné zdroje podniku |c Janka Kopčáková, Eva Manová |
| 520 | |a Problematika financovania majetku podniku z vybraných cudzích zdrojov. Príklad financovania kúpy motorového vozidla. Pre vybranú spoločnosť z ponúkaných produktov ako je lízing a úver od rovnakej spoločnosti Všeobecnej úverovej banky a.s. je výhodnejší lízing, pretože preplatenie ceny motorového vozidla bude nižšie ako pri ponúkanom úvere. Taktiež podmienky na získanie ponúkaného lízingu sú pre spoločnosť menej zaťažujúce ako získanie ponúkaného úveru. | ||
| 610 | 2 | 0 | |a lízing finančný |
| 610 | 2 | 0 | |a lízing operatívny |
| 610 | 2 | 0 | |a splátky |
| 610 | 2 | 0 | |a úver |
| 610 | 2 | 0 | |a úrok |
| 610 | 2 | 0 | |a banky |
| 610 | 2 | 0 | |a financovanie |
| 610 | 2 | 0 | |a zdroje finančné cudzie |
| 610 | 2 | 0 | |a majetok |
| 610 | 2 | 0 | |a automobily osobné |
| 100 | 1 | |a Kopčáková, Janka, 1994- | |
| 700 | 1 | |a Manová, Eva, 1957- | |